Ireland's Euro 2016 Full Squad Soccer (Qualifers) - Statistics

General Stats
  • This quiz has been taken 222 times
  • The average score is 16 of 32
Answer Stats
Hint Answer % Correct
ST Robbie Keane
87%
GK Shay Given
85%
RB Seamus Coleman
84%
ST Shane Long
81%
GK Darren Randolph
80%
CB John O'Shea
78%
LM Robbie Brady
73%
CAM Jonathan Walters
71%
RM Aiden McGeady
64%
CM Glenn Whelan
64%
CAM Wes Hoolahan
61%
CM James McCarthy
60%
CM Jeff Hendrick
60%
LM James McClean
58%
ST Daryl Murphy
56%
GK Keiren Westwood
52%
GK David Forde
50%
CB Ciaran Clark
49%
RB Cyrus Christie
49%
ST Kevin Doyle
49%
LB Stephen Ward
49%
CB Richard Keogh
45%
ST David McGoldrick
29%
CM Darron Gibson
28%
CM Harry Arter
27%
CM David Meyler
26%
CB Marc Wilson
24%
CM Stephen Quinn
22%
GK Rob Elliot
21%
RM Anthony Pilkington
12%
CB Alex Pearce
11%
ST Anthony Stokes
9%
No matching quizzes found
Score Distribution
Percent of People with Each Score
Percentile by Number Answered
Your Score History
You have not taken this quiz